000 00547nam a2200193Ia 4500
005 20260629163254.0
008 260629s9999||||xx |||||||||||||| ||und||
020 _a9780670084463
_qpbk
082 _a294.5925
_bPAT
100 _aPattanaik, Devdutt
245 0 _aShyam : an illustrated retelling of the Bhagavata
260 _aGurugram
_bPenguin Random House India
_c2018
300 _axxiii, 274p. ; 23cm.
653 _aBhagavata Purana
653 _aHindu mythology
653 _aKrishna (Hindu deity)
653 _aPuranas
942 _cBK
999 _c57294
_d57294